000
00232nam a2200097Ia 4500
005
20251222114350.0
008
251222s1900||||xx |||||||||||||| ||spa||
082
_a
DVD0092/G76/2006
245
0
_a
El SeƱor de los Milagros.
942
_c
DVD
999
_c
1213
_d
1213